| 000 | 00765nam a22002057a 4500 | ||
|---|---|---|---|
| 003 | OSt | ||
| 005 | 20250905064120.0 | ||
| 008 | 250905b |||||||| |||| 00| 0 eng d | ||
| 020 | _a978-971-0426-31-7 | ||
| 040 |
_aDWC-Main Lib _cOC |
||
| 082 | _aFil. 378.1 Ed24 2019 | ||
| 100 | _aLeviste, Enrique Nino P. | ||
| 245 |
_aEducation for a globalizing asia : _bchallenges and opportunities/ _cEnrique Nino P. Leviste |
||
| 260 |
_aQuezon City : _bAteneo Center for Asian studies , _cc2019. |
||
| 300 |
_axv, 104 pages : _billustrations ; _c23cm. |
||
| 504 | _aIncludes index and bibliographical references. | ||
| 650 | _a1. Education, Higher ---Asia ---Congress. | ||
| 650 | _a2. Education and globalization ---Asia ---Congress. | ||
| 942 |
_2ddc _cBK - FIL _kFil. _n0 |
||
| 999 |
_c4463 _d4463 |
||